Statistics for Marketing Slogans for Animals

Click here to take the quiz!

General Stats

  • This quiz has been taken 18,948 times
  • The average score is 13 of 20

Answer Stats

HintAnswer% Correct
One hump or two?Camel
97%
The "pride" of the savannaLion
96%
10 times as good as a centipede!Millipede
89%
When an alpaca just isn't enoughLlama
86%
Proudly warming the climate with our fartsCow
85%
You can hug us, you can kiss us, just don't take our eucalyptus
* Professional stunt animal, do not attempt to hug or kiss
Koala
84%
Ruling the swamps for 250 million yearsCrocodile
80%
First in the alphabet, first in your heartAardvark
66%
The other pandaRed Panda
65%
All the gastropod, none of the shellSlug
60%
Stubborn, yes. Reliable, always.Mule
58%
The pachyderm with the proboscisElephant
56%
The best way to balance the humors. 4 out of 5 Medieval doctors agree!Leech
52%
The wading bird that supports breast cancer awarenessFlamingo
51%
The red hourglass means you can always count on qualityBlack Widow
49%
When you care enough to send the most dangerous snake in AfricaBlack Mamba
48%
Tuna of the landChicken
46%
I can't believe it's not a chimpanzee!Bonobo
44%
Faster than a Formula One race carPeregrine falcon
34%
Not your grandfather's venomous semiaquatic monotremePlatypus
29%

Score Distribution

Percentile by Number Answered

Percent of People with Each Score

Your Score History

You have not taken this quiz